000 00336cam a22001217a 4500
008 180718b1960 xxu||||| |||| 00| 0 eng d
082 _aF5x44 F276
100 _aFauvet, Jacques
245 _aCockpit of France
_cby Jacques Fauvet
260 _aLondon
_bHarvill Press
_c1960
300 _a159p.
650 _aFrance --Politics and government
999 _c479214
_d479214